000 00637cam a22002171 4500
001 sa 65010789
003 DLC
005 20260227112211.0
008 880902s1964 io 000 0 ind
010 _asa 65010789
035 _a(OCoLC)23562328
040 _aDLC
_cMiU
_dDLC
042 _apremarc
043 _aa-io---
050 0 0 _aHX402
_b.L8
100 1 _aLukman, M. H.
245 1 0 _aUntuk perbaikan pekerdjaan front persatuan nasional (singkatan pidato kepada Konferensi Nasional ke-I PKI, tgl. 4 Djuli 1964)
260 _aDjakarta,
_bJajasan Pembaruan,
_c1964.
300 _a39 p.
_c14 cm.
650 0 _aCommunism
_zIndonesia.
999 _c66950
_d66950